Các Đảng cộng sản và Đảng cánh tả với sứ mệnh bảo vệ người lao động trong khủng hoảng kinh tế /
保存先:
| 第一著者: | |
|---|---|
| フォーマット: | 論文 |
| 言語: | Vietnamese |
| 主題: | |
| タグ: |
タグ追加
タグなし, このレコードへの初めてのタグを付けませんか!
|
| Thư viện lưu trữ: | Thư viện Trường Đại học Đà Lạt |
|---|
| LEADER | 00848nam a2200265 4500 | ||
|---|---|---|---|
| 001 | DLU090103694 | ||
| 005 | ##20120801 | ||
| 040 | # | # | |a DLU |b vie |
| 041 | # | # | |a vie |
| 044 | # | # | |a vn |
| 100 | # | # | |a Nguyễn An Ninh, |c PGS.TS. |
| 245 | # | # | |a Các Đảng cộng sản và Đảng cánh tả với sứ mệnh bảo vệ người lao động trong khủng hoảng kinh tế / |c Nguyễn An Ninh. |
| 653 | # | # | |a Đảng phái |
| 653 | # | # | |a Chính trị |
| 653 | # | # | |a Phát triển kinh tế |
| 773 | # | # | |t Lao động và Công đoàn |g Số 1(443-444), 2010, tr. 20-21 |
| 920 | # | # | |a Phòng Tạp chí -- Trung tâm Thông tin - Thư viện Trường Đại học Đà Lạt |
| 994 | # | # | |a DLU |
| 900 | # | # | |a True |
| 911 | # | # | |a Nguyễn Thị Linh Chi |
| 925 | # | # | |a G |
| 926 | # | # | |a A |
| 927 | # | # | |a BB |
| 980 | # | # | |a Thư viện Trường Đại học Đà Lạt |